|
|
|
|
| LEADER |
01096nam a22002417a 4500 |
| 001 |
AAL8207 |
| 003 |
BD-DhAAL |
| 005 |
20160229135613.0 |
| 008 |
160229m20142007bg a|||| |||| 00| 0 ben d |
| 020 |
|
|
|a 9844952042
|
| 040 |
|
|
|a BD-DhAAL
|c BD-DhAAL
|
| 082 |
|
|
|a 891.441
|
| 100 |
|
|
|a সাঈদ, ফয়জুল্লাহ
|9 18228
|
| 245 |
|
|
|a আবৃত্তি মঞ্জরি /
|c ফয়জুল্লাহ সাঈদ
|
| 260 |
|
|
|a ঢাকা :
|b পার্ল পাবলিকেশন্স,
|c ২০১০
|
| 300 |
|
|
|a ৩৯৯ পৃ. :
|b চিত্র ;
|c ২২ সে.মি.
|
| 541 |
|
|
|e 8207
|
| 650 |
|
|
|a Bangla poetry
|9 18229
|
| 852 |
|
|
|a Savar Campus Library
|c General Shelf
|
| 942 |
|
|
|2 ddc
|c BK
|
| 999 |
|
|
|c 36950
|d 36950
|
| 952 |
|
|
|0 0
|1 0
|2 ddc
|4 0
|6 891_441000000000000_SAY
|7 0
|9 58201
|a SCL
|b SCL
|c GEN
|d 2016-02-29
|g 400.00
|l 4
|m 2
|o 891.441 SAY
|p 3020008207
|r 2023-05-14
|s 2023-04-30
|t 1
|w 2016-02-29
|y BK
|
| 952 |
|
|
|0 0
|1 0
|2 ddc
|4 0
|6 891_441000000000000_SAY
|7 0
|9 58202
|a SCL
|b SCL
|c GEN
|d 2016-02-29
|g 400.00
|l 10
|m 25
|o 891.441 SAY
|p 3020008208
|r 2019-11-25
|s 2019-11-07
|t 2
|w 2016-02-29
|y BK
|